Music Quiz

Random Music or Broadway Quiz

What Musical's Song Composer 2? Quiz Stats

 Plays Quiz not verified by Sporcle

Support Sporcle.
Go Orange.
Score 0/16 Timer 03:00
0 Plays Today
Song and Musical Composer % Correct
Don't cry for me Argentina (from Evita)Andrew Lloyd Webber
95.8%
Can you feel the love tonight? (from The Lion King)Elton John
95.8%
If I can't love her (from Beauty And The Beast)Alan Menken
87.5%
I love Paris (from Can Can)Cole Porter
87.5%
You're the top (from Anything Goes)Cole Porter
87.5%
Where is the life that late I led? (from Kiss Me, Kate)Cole Porter
87.5%
I could have danced all night (from My Fair Lady)Frederick Loewe
83.3%
Bring him home (from Les Misérables)Claude-Michel Schönberg
75%
Song and Musical Composer % Correct
The Winner takes it all (from Mamma Mia!)Benny Andersson
70.8%
Can't help lovin' dat man (from Show Boat)Jerome Kern
62.5%
They say it's wonderful (from Annie Get Your Gun)Irving Berlin
58.3%
She loves me (from She Loves Me)Jerry Bock
58.3%
Standing on the corner (from The Most Happy Fella)Frank Loesser
54.2%
I won't send roses (from Mack & Mabel)Jerry Herman
45.8%
Over the rainbow (from The Wizard Of Oz)Harold Arlen
37.5%
We'll gather lilacs (from Perchance To Dream)Ivor Novello
16.7%

You're not logged in!

Compare scores with friends on all Sporcle quizzes.
OR
Log In

From the Vault

Country by Beer Bottle

by NO_r_WAY

Stay thirsty, Sporclers.
Remove Ads.
Support Sporcle.
Get the best of Sporcle when you Go Orange. This ad-free experience offers more features, more stats, and more fun while also helping to support Sporcle. Thank you for becoming a member.

Show Comments

Extras

Top Quizzes Today


Score Distribution

Your Account Isn't Verified!

In order to create a playlist on Sporcle, you need to verify the email address you used during registration. Go to your Sporcle Settings to finish the process.

Report this User

Report this user for behavior that violates our Community Guidelines.

Details: